| 000 -LEADER |
| fixed length control field |
03109cam a22004697i 4500 |
| 001 - CONTROL NUMBER |
| control field |
18068327 |
| 003 - CONTROL NUMBER IDENTIFIER |
| control field |
Nust |
| 005 - DATE AND TIME OF LATEST TRANSACTION |
| control field |
20170331161659.0 |
| 008 - FIXED-LENGTH DATA ELEMENTS--GENERAL INFORMATION |
| fixed length control field |
140314t20142014iluab bf 001 0 eng d |
| 010 ## - LIBRARY OF CONGRESS CONTROL NUMBER |
| LC control number |
2014935905 |
| 020 ## - INTERNATIONAL STANDARD BOOK NUMBER |
| International Standard Book Number |
9781611901511 |
| Qualifying information |
paperback |
| 020 ## - INTERNATIONAL STANDARD BOOK NUMBER |
| International Standard Book Number |
1611901510 |
| Qualifying information |
paperback |
| 035 ## - SYSTEM CONTROL NUMBER |
| System control number |
(OCoLC)ocn890673034 |
| 040 ## - CATALOGING SOURCE |
| Original cataloging agency |
IUA |
| Language of cataloging |
eng |
| Transcribing agency |
IUA |
| Description conventions |
rda |
| Modifying agency |
YDXCP |
| -- |
UAB |
| -- |
OCL |
| -- |
DLC |
| 042 ## - AUTHENTICATION CODE |
| Authentication code |
lccopycat |
| 050 00 - LIBRARY OF CONGRESS CALL NUMBER |
| Classification number |
333.7209 DAN |
| Item number |
.D33 2014 |
| 082 04 - DEWEY DECIMAL CLASSIFICATION NUMBER |
| Classification number |
333.7209 DAN |
| Edition number |
23 |
| 100 1# - MAIN ENTRY--PERSONAL NAME |
| Personal name |
Daniels, Thomas L., |
| Relator term |
author. |
| 245 14 - TITLE STATEMENT |
| Title |
The environmental planning handbook for sustainable communities and regions / |
| Statement of responsibility, etc. |
Tom Daniels. |
| 250 ## - EDITION STATEMENT |
| Edition statement |
Second edition. |
| 264 #1 - PRODUCTION, PUBLICATION, DISTRIBUTION, MANUFACTURE, AND COPYRIGHT NOTICE |
| Place of production, publication, distribution, manufacture |
Chicago : |
| Name of producer, publisher, distributor, manufacturer |
American Planning Association, Planners Press, |
| Date of production, publication, distribution, manufacture, or copyright notice |
[2014] |
| 264 #4 - PRODUCTION, PUBLICATION, DISTRIBUTION, MANUFACTURE, AND COPYRIGHT NOTICE |
| Date of production, publication, distribution, manufacture, or copyright notice |
©2014 |
| 300 ## - PHYSICAL DESCRIPTION |
| Extent |
xliii, 747 pages : |
| Other physical details |
illustrations (chiefly color), maps (chiefly color) ; |
| Dimensions |
28 cm |
| 336 ## - CONTENT TYPE |
| Content type term |
text |
| Content type code |
txt |
| Source |
rdacontent |
| 336 ## - CONTENT TYPE |
| Content type term |
still image |
| Content type code |
sti |
| Source |
rdacontent |
| 336 ## - CONTENT TYPE |
| Content type term |
cartographic image |
| Content type code |
cri |
| Source |
rdacontent |
| 337 ## - MEDIA TYPE |
| Media type term |
unmediated |
| Media type code |
n |
| Source |
rdamedia |
| 338 ## - CARRIER TYPE |
| Carrier type term |
volume |
| Carrier type code |
nc |
| Source |
rdacarrier |
| 500 ## - GENERAL NOTE |
| General note |
P.B |
| 504 ## - BIBLIOGRAPHY, ETC. NOTE |
| Bibliography, etc. note |
Includes bibliographical references (pages 709-717) and index. |
| 505 2# - FORMATTED CONTENTS NOTE |
| Formatted contents note |
Taking stock of the local environment and creating an environmental action plan -- The legal, economic, ethical, and ecological foundations of environmental planning -- Planning for sustainable air quality -- Planning for climate change : mitigation and adaptation -- Planning for a sustainable water supply -- Planning for sustainable water quality -- Planning for solid waste and recycling -- Toxic substances and hazardous waste -- Protecting the nation's landscape treasures -- Planning for wildlife habitat -- Planning and managing wetlands -- Coastal zone management -- Planning for natural hazards and natural disasters -- Planning for sustainable working landscapes : farmland and ranchland -- Planning for sustainable working landscapes : forestry -- Planning for mining -- Planning for energy -- Transportation planning and the environment -- Making green cities, suburbs, and metro regions -- Greenfield development and site design -- Positive trends and urgent needs for sustainable environmental planning. |
| 650 #0 - SUBJECT ADDED ENTRY--TOPICAL TERM |
| Topical term or geographic name entry element |
Environmental policy |
| Geographic subdivision |
United States |
| Form subdivision |
Handbooks, manuals, etc. |
| 650 #0 - SUBJECT ADDED ENTRY--TOPICAL TERM |
| Topical term or geographic name entry element |
Community development |
| Geographic subdivision |
United States |
| Form subdivision |
Handbooks, manuals, etc. |
| 650 #7 - SUBJECT ADDED ENTRY--TOPICAL TERM |
| Topical term or geographic name entry element |
Community development. |
| Source of heading or term |
fast |
| Authority record control number or standard number |
(OCoLC)fst00870818 |
| 650 #7 - SUBJECT ADDED ENTRY--TOPICAL TERM |
| Topical term or geographic name entry element |
Environmental policy. |
| Source of heading or term |
fast |
| Authority record control number or standard number |
(OCoLC)fst00913250 |
| 651 #7 - SUBJECT ADDED ENTRY--GEOGRAPHIC NAME |
| Geographic name |
United States. |
| Source of heading or term |
fast |
| Authority record control number or standard number |
(OCoLC)fst01204155 |
| 655 #7 - INDEX TERM--GENRE/FORM |
| Genre/form data or focus term |
Handbooks and manuals. |
| Source of term |
fast |
| Authority record control number |
(OCoLC)fst01423877 |
| 710 2# - ADDED ENTRY--CORPORATE NAME |
| Corporate name or jurisdiction name as entry element |
American Planning Association, |
| Relator term |
publisher. |
| 856 42 - ELECTRONIC LOCATION AND ACCESS |
| Materials specified |
Contributor biographical information |
| Uniform Resource Identifier |
<a href="https://www.loc.gov/catdir/enhancements/fy1610/2014935905-b.html">https://www.loc.gov/catdir/enhancements/fy1610/2014935905-b.html</a> |
| 906 ## - LOCAL DATA ELEMENT F, LDF (RLIN) |
| a |
7 |
| b |
cbc |
| c |
copycat |
| d |
2 |
| e |
epcn |
| f |
20 |
| g |
y-gencatlg |
| 942 ## - ADDED ENTRY ELEMENTS (KOHA) |
| Source of classification or shelving scheme |
|
| Koha item type |
Book |
| Call number prefix |
333.7209 DAN |